Uplatňovanie vybraných aktívnych metód vzdelávania v pedagogickom procese vo formálnom vzdelávaní

Využívanie aktívnych metód vzdelávania v pedagogickom procese vo formálnom vzdelávaní. Metódy, ktoré sú náročné na prípravu a realizáciu zo strany učiteľa pri tvorbe motivácie žiakov.

Guardado en:
Detalles Bibliográficos
Autor principal: Matulčíková, Marta, 1964-
Formato: Capítulo de libro
Lenguaje:eslovaco
Materias:
Etiquetas: Agregar Etiqueta
Sin Etiquetas, Sea el primero en etiquetar este registro!

MARC

LEADER 00000naa a2200000 4500
001 0234943
005 20240502073815.7
041 0 |a slo 
044 |a SK 
245 1 0 |a Uplatňovanie vybraných aktívnych metód vzdelávania v pedagogickom procese vo formálnom vzdelávaní  |c Marta Matulčíková 
520 |a Využívanie aktívnych metód vzdelávania v pedagogickom procese vo formálnom vzdelávaní. Metódy, ktoré sú náročné na prípravu a realizáciu zo strany učiteľa pri tvorbe motivácie žiakov. 
610 2 0 |a výchova 
610 2 0 |a vzdelávanie 
610 2 0 |a vyučovanie 
610 2 0 |a pedagogika 
610 2 0 |a didaktika 
610 2 0 |a metodika 
610 2 0 |a motivácia 
610 2 0 |a žiaci 
610 2 0 |a efektívnosť vzdelávania 
100 1 |a Matulčíková, Marta, 1964-